Hradec Králové na počátku dějin /

Hlavní autor: Richter, Miroslav, 1932-2011
Další autoři: Vokolek, Vít, 1936-
Jazyk: Čeština
Vydáno: Hradec Králové : Krajské muzeum východních Čech, 1975
Fyzický popis: 19 s., příl.
Knihy
Uloženo v:
LEADER 00734nam a22002172a 4500
001 000281390
003 CZ BrMZK
005 20191118150938.0
007 ta
008 980105s1975 xr f f cze d
040 |a BOA001  |b cze 
100 1 |a Richter, Miroslav,  |d 1932-2011  |7 jk01102483  |4 aut 
245 1 0 |a Hradec Králové na počátku dějin /  |c Miroslav Richter, Vít Vokolek 
260 |a Hradec Králové :  |b Krajské muzeum východních Čech,  |c 1975 
300 |a 19 s., příl. 
504 |a Obsahuje bibliografii 
700 1 |a Vokolek, Vít,  |d 1936-  |7 jk01150428  |4 aut 
910 |a BOA001  |b X2-0750.931 
990 |a BK 
991 |b 201910 
996 6 |b 2619880374  |c X2-0750.931  |l MZK  |r Sklad / do 24 hodin  |n 14  |w 000281390  |u 000010  |a 1  |e BOA001  |j MZK50  |s P